A black theology of liberation /
Kaydedildi:
| Yazar: | |
|---|---|
| Materyal Türü: | Kitap |
| Dil: | İngilizce |
| Baskı/Yayın Bilgisi: |
New York :
Orbis Books,
1990.
|
| Edisyon: | 2oth Anniversary ed. |
| Konular: | |
| Etiketler: |
Etiket eklenmemiş, İlk siz ekleyin!
|
MARC
| LEADER | 00000cam a22000002a 4500 | ||
|---|---|---|---|
| 001 | 0000003375 | ||
| 003 | DAYSTAR | ||
| 005 | 20171002023843.0 | ||
| 008 | 030703s1991 nyu 001 0 eng d | ||
| 020 | |a 0883446855 | ||
| 040 | |a Daystar | ||
| 040 | |d LKithuka | ||
| 050 | 1 | |a BT82.7 |b .C666 | |
| 100 | 1 | |a Cone,James H. | |
| 245 | 1 | 2 | |a A black theology of liberation / |c James H. Cone. |
| 250 | |a 2oth Anniversary ed. | ||
| 260 | |a New York : |b Orbis Books, |c 1990. | ||
| 300 | |a 214 p. | ||
| 504 | |a Includes bibliographical references and index. | ||
| 650 | 0 | |a Black theology. | |
| 908 | |a 060412 | ||
| 942 | |c G | ||
| 952 | |0 4 |1 0 |4 0 |6 BT00827 C666 |7 0 |9 79080 |a DUA |b DUA |c STORE |d 2017-09-28 |l 0 |o BT82.7.C666 |p BK004846 |r 2017-09-28 00:00:00 |w 2017-09-28 |x 28912 |y G | ||
| 989 | |a 1488783135 | ||
| 999 | |c 40391 |d 40391 | ||